Nuclear physics : (Record no. 104121)

MARC details
000 -LEADER
fixed length control field 00602nam a22001937a 4500
005 - DATE AND TIME OF LATEST TRANSACTION
control field 20161206111717.0
010 ## - LCCN (DPL NO)
LC control number ENG-116269
020 ## - INTERNATIONAL STANDARD BOOK NUMBER
International Standard Book Number 9788120352520
Terms of availability 595.00
035 ## - SYSTEM CONTROL NUMBER
System control number EN-99801
037 ## - SOURCE OF ACQUISITION
Source of stock number/acquisition DBAD/PUB
082 ## - DEWEY DECIMAL CLASSIFICATION NUMBER
Classification number 539.7
100 ## - MAIN ENTRY--PERSONAL NAME
Personal name Agrawal, Hari M.
245 ## - TITLE STATEMENT
Title Nuclear physics :
Remainder of title Problem-based approach including MATLAB /
Statement of responsibility, etc by Hari M. Agrawal
260 ## - PUBLICATION, DISTRIBUTION, ETC. (IMPRINT)
Place of publication, distribution, etc Delhi
Name of publisher, distributor, etc PHI Learning
Date of publication, distribution, etc 2016
270 ## - ADDRESS
Address 111,Patparganj Industrial Eatate
City Delhi
Postal code 110092
300 ## - PHYSICAL DESCRIPTION
Extent x,470p. :
Other physical details ill
Dimensions 24cm(pbk)
Accompanying material CD-ROMs
500 ## - GENERAL NOTE
General note Includes index
942 ## - ADDED ENTRY ELEMENTS (KOHA)
Source of classification or shelving scheme Dewey Decimal Classification
Item type English Books
Classification part 539.7
Call number suffix AGR
Holdings
Withdrawn status Lost status Not for loan Collection code Home library Current library Date acquired Source of acquisition Cost, normal purchase price Full call number Barcode Copy number Cost, replacement price Koha item type
    Not For Loan Non-fiction D.B.Act.Division D.B.Act.Division 21/10/2016 DBAD/PUB 595.00 539.7 AGR EN-99801 1 595.00 English Books

© Delhi Public Library
Hit Counter
free hit counter